[Event "Morshyn GP 3rd"]
[Site "Morshyn"]
[Date "2023.12.02"]
[Round "2"]
[White "Kazakov, Maksym"]
[Black "Megur, Vladislav"]
[Result "1-0"]
[WhiteElo "1987"]
[BlackElo "2081"]
[PlyCount "68"]
[EventDate "2023.12.02"]
[EventType "swiss (rapid)"]
[EventRounds "9"]
[EventCountry "UKR"]
[SourceTitle "CB49_2023"]
[SourceDate "2023.12.06"]
[SourceVersion "1"]
[SourceVersionDate "2023.12.06"]
[SourceQuality "1"]

1. c4 d6 2. Nc3 g6 3. g3 Bg7 4. Bg2 Nd7 5. e3 e6 6. Nge2 Ne7 7. 0-0 0-0 8. b4 a5 9. b5 f5 10. Bb2 e5 11. Nd5 Nxd5 12. Bxd5+ Kh8 13. d3 Nc5 14. d4 Ne4 15. dxe5 dxe5 16. Ba3 Nd6 17. Qb3 Rb8 18. Rad1 b6 19. c5 bxc5 20. Nc3 f4 21. Bxc5 Bg4 22. Rd2 Qf6 23. exf4 exf4 24. Bd4 Qe7 25. Qa4 fxg3 26. hxg3 Nf5 27. Bxg7+ Kxg7 28. Qxg4 Qc5 29. Qc4 Qb6 30. Kg2 h5 31. Be4 Rf6 32. Rd7+ Kh6 33. Bxf5 Rxf5 34. Qxc7 Qxc7 1-0

[Event "Kiev Malakhatko Memorial"]
[Site "Kiev"]
[Date "2023.07.15"]
[Round "4"]
[White "Kazakov, Maksym"]
[Black "Shishkin, Vadim"]
[Result "1/2-1/2"]
[WhiteElo "2032"]
[BlackElo "2406"]
[PlyCount "38"]
[EventDate "2023.07.15"]
[EventType "tourn (blitz)"]
[EventRounds "15"]
[EventCountry "UKR"]
[SourceTitle "CBM 215 Extra"]
[Source "ChessBase"]
[SourceDate "2023.09.30"]
[SourceVersion "1"]
[SourceVersionDate "2023.09.30"]
[SourceQuality "1"]

1. c4 e6 2. g3 d5 3. Bg2 Nf6 4. Nf3 Be7 5. d4 dxc4 6. Qa4+ Nbd7 7. Qxc4 0-0 8. 0-0 Nb6 9. Qc2 c6 10. Nc3 Nfd5 11. e4 Nxc3 12. bxc3 c5 13. Ba3 cxd4 14. Bxe7 Qxe7 15. cxd4 Bd7 16. Ne5 Rfc8 17. Qb2 Ba4 18. Rfc1 h6 19. Rxc8+ Rxc8 1/2-1/2

[Event "Malakhatko Memorial op"]
[Site "Chess.com INT"]
[Date "2023.06.14"]
[Round "11"]
[White "Karpa, Vitaly"]
[Black "Kazakov, Maksym"]
[Result "0-1"]
[WhiteElo "1937"]
[BlackElo "2032"]
[PlyCount "90"]
[EventDate "2023.06.14"]
[EventType "swiss (blitz)"]
[EventRounds "11"]
[EventCountry "USA"]
[SourceTitle "CBM 214 Extra"]
[Source "ChessBase"]
[SourceDate "2023.07.31"]
[SourceVersion "1"]
[SourceVersionDate "2023.07.31"]
[SourceQuality "1"]

1. Nf3 c5 2. c4 Nc6 3. Nc3 g6 4. d4 cxd4 5. Nxd4 Bg7 6. e3 Nf6 7. Be2 0-0 8. 0-0 d5 9. cxd5 Nxd5 10. Nxc6 bxc6 11. Nxd5 cxd5 12. Rb1 Bf5 13. Bd3 Bxd3 14. Qxd3 Rb8 15. b3 e6 16. Bd2 Qe7 17. Rfc1 Rfc8 18. Rc2 Qa3 19. Rbc1 Rxc2 20. Qxc2 Bb2 21. Rb1 Bf6 22. Bc1 Qd6 23. Bb2 Bxb2 24. Qxb2 Rc8 25. Rc1 Rc5 26. Rxc5 Qxc5 27. h3 e5 28. b4 Qd6 29. a4 d4 30. exd4 exd4 31. Kf1 Qd5 32. Qc2 d3 33. Qc8+ Kg7 34. Qc3+ f6 35. Ke1 Qe4+ 36. Kd1 Qe2+ 37. Kc1 Kf7 38. Qc7+ Ke6 39. Qc8+ Kd5 40. Qc5+ Ke6 41. Qc8+ Ke5 42. Qe8+ Kd4 43. Qxe2 dxe2 44. Kd2 Kc4 45. b5 Kb4 0-1

[Event "Kiev GP Anfield final"]
[Site "Kiev"]
[Date "2023.04.02"]
[Round "11"]
[White "Vysochin, Spartak"]
[Black "Kazakov, Maksym"]
[Result "1-0"]
[WhiteElo "2512"]
[BlackElo "2039"]
[PlyCount "98"]
[EventDate "2023.04.01"]
[EventType "swiss (rapid)"]
[EventRounds "11"]
[EventCountry "UKR"]
[SourceTitle "CBM 213 Extra"]
[Source "ChessBase"]
[SourceDate "2023.05.31"]
[SourceVersion "1"]
[SourceVersionDate "2023.05.31"]
[SourceQuality "1"]

1. e4 g6 2. d4 Bg7 3. Nc3 c5 4. dxc5 Bxc3+ 5. bxc3 Qa5 6. Bd2 Qxc5 7. Nf3 Nc6 8. Rb1 a6 9. Bd3 Nf6 10. 0-0 0-0 11. h3 d6 12. c4 Ne5 13. Be3 Nxf3+ 14. Qxf3 Qh5 15. Qxh5 Nxh5 16. c5 dxc5 17. Bxc5 Re8 18. a4 Nf4 19. a5 Nxd3 20. cxd3 e5 21. Rfc1 Rd8 22. Rc3 Bd7 23. Rxb7 Rac8 24. Bb4 Bb5 25. Be7 Rxc3 26. Bxd8 Rc6 27. Rb6 Rc1+ 28. Kh2 Rc8 29. Rd6 f5 30. Bf6 Re8 31. exf5 gxf5 32. Rd5 e4 33. dxe4 fxe4 34. Bg5 Kf7 35. Bf4 Ke6 36. Rh5 Re7 37. g4 Kd7 38. Kg3 Be2 39. Rc5 Ke6 40. h4 Rg7 41. g5 Bd3 42. Rc6+ Kd5 43. Rb6 Rf7 44. h5 Kc5 45. g6 hxg6 46. hxg6 Rg7 47. Be5 e3 48. Bxg7 e2 49. Bc3 Kd5 1-0

[Event "Kiev Spring op"]
[Site "Kiev"]
[Date "2021.07.14"]
[Round "6"]
[White "Yurovskich, Oleksandr"]
[Black "Kazakov, Maksym"]
[Result "1-0"]
[WhiteElo "2242"]
[BlackElo "2039"]
[PlyCount "125"]
[EventDate "2021.07.10"]
[EventType "swiss"]
[EventRounds "9"]
[EventCountry "UKR"]
[SourceTitle "EXT 2024"]
[Source "ChessBase"]
[SourceDate "2023.10.10"]
[SourceVersion "1"]
[SourceVersionDate "2023.10.10"]
[SourceQuality "1"]

1. c4 e5 2. g3 Nc6 3. Bg2 Nf6 4. Nc3 Bb4 5. e4 Bxc3 6. bxc3 0-0 7. Ne2 d6 8. 0-0 Be6 9. d3 Qc8 10. f4 Bh3 11. f5 Bxg2 12. Kxg2 Nd7 13. g4 f6 14. h4 Kf7 15. Ng3 Ke7 16. Be3 Qe8 17. g5 Kd8 18. Qg4 Rg8 19. g6 h6 20. Qe2 Qe7 21. Qb2 Kc8 22. a4 Nc5 23. Rfd1 Rb8 24. a5 a6 25. Bf2 Re8 26. Nf1 Nd8 27. Ne3 c6 28. Nf1 Rh8 29. Bxc5 dxc5 30. Qb6 Qd6 31. Ne3 h5 32. Kf2 Qe7 33. Ke2 Rh6 34. Rg1 Qd6 35. Kd2 Qe7 36. Kc2 Kd7 37. Nd1 Kd6 38. Nb2 Qc7 39. Na4 Qxb6 40. axb6 Rh8 41. Kd2 Re8 42. Ke3 Re7 43. Rgd1 Rd7 44. Rd2 Ra8 45. Rad1 Ke7 46. Nxc5 Rd6 47. Ra2 Ke8 48. Ra5 Ke7 49. Kd2 Ke8 50. Kc2 Ke7 51. Kb3 Ke8 52. Kb4 Ke7 53. Ra2 Ke8 54. Ka5 Ke7 55. Rad2 Ke8 56. d4 Rc8 57. dxe5 Rxd2 58. Rxd2 fxe5 59. Rd7 Kf8 60. Nxb7 Nxb7+ 61. Rxb7 Rd8 62. Rf7+ Kg8 63. b7 1-0

[Event "Kiev Spring op"]
[Site "Kiev"]
[Date "2021.07.13"]
[Round "5"]
[White "Kazakov, Maksym"]
[Black "Petrovskiy, Vadim"]
[Result "1-0"]
[WhiteElo "2039"]
[BlackElo "2156"]
[PlyCount "118"]
[EventDate "2021.07.10"]
[EventType "swiss"]
[EventRounds "9"]
[EventCountry "UKR"]
[SourceTitle "EXT 2024"]
[Source "ChessBase"]
[SourceDate "2023.10.10"]
[SourceVersion "1"]
[SourceVersionDate "2023.10.10"]
[SourceQuality "1"]

1. e4 c5 2. Nf3 d6 3. Bb5+ Bd7 4. Bxd7+ Qxd7 5. c4 Nf6 6. Nc3 Nc6 7. d4 cxd4 8. Nxd4 e6 9. Be3 Be7 10. Rc1 0-0 11. 0-0 Rfd8 12. b3 Rac8 13. f3 a6 14. Na4 Qe8 15. Nb6 Rb8 16. Qe2 Nd7 17. Nxc6 bxc6 18. Nxd7 Qxd7 19. c5 d5 20. exd5 cxd5 21. c6 Qc7 22. Qxa6 d4 23. Bf4 Bd6 24. Bxd6 Rxd6 25. Rfd1 e5 26. Qe2 f6 27. f4 Rxc6 28. Rxc6 Qxc6 29. fxe5 fxe5 30. Qxe5 Rd8 31. Qg5 Rd5 32. Rc1 Rxg5 33. Rxc6 Re5 34. Rc2 Kf7 35. Kf2 Kf6 36. b4 Re4 37. Re2 Rh4 38. b5 d3 39. Rb2 Re4 40. a3 Re6 41. a4 Re4 42. a5 Re5 43. a6 d2 44. Rxd2 Rxb5 45. Ra2 Rb8 46. a7 Ra8 47. Ke3 Ke5 48. Ra5+ Ke6 49. Kd4 Kd6 50. Ra6+ Kc7 51. Kc5 Kb7 52. Kb5 Kc7 53. Ra2 Kb7 54. Ra3 g6 55. g4 g5 56. Ra1 Kc7 57. Ka6 Rf8 58. Rc1+ Kd6 59. Kb7 Rf7+ 1-0

[Event "Kiev Spring Blitz op"]
[Site "Kiev"]
[Date "2021.07.11"]
[Round "2"]
[White "Kazakov, Maksym"]
[Black "Mischuk, Dmitry"]
[Result "0-1"]
[WhiteElo "2039"]
[BlackElo "2355"]
[PlyCount "92"]
[EventDate "2021.07.11"]
[EventType "swiss (blitz)"]
[EventRounds "9"]
[EventCountry "UKR"]
[SourceTitle "CBM 203 Extra"]
[Source "ChessBase"]
[SourceDate "2021.09.30"]
[SourceVersion "1"]
[SourceVersionDate "2021.09.30"]
[SourceQuality "1"]

1. b3 d5 2. Bb2 Nd7 3. e3 e5 4. f4 exf4 5. Nh3 Qh4+ 6. Nf2 fxe3 7. dxe3 Ngf6 8. g3 Qh6 9. Qd2 Bc5 10. Bd4 Bxd4 11. Qxd4 0-0 12. Nc3 c5 13. Qd2 Re8 14. 0-0-0 Rxe3 15. Kb1 d4 16. Nb5 Nb6 17. Nd6 Nfd5 18. Nxc8 Nc3+ 19. Ka1 Nxd1 20. Nxd1 Rxc8 21. Nxe3 dxe3 22. Qd3 Qf6+ 23. Kb1 Qd4 24. Be2 Nd5 25. Qxd4 cxd4 26. Bd3 g6 27. Bc4 Nc3+ 28. Kb2 b5 29. Bd3 Kg7 30. Rf1 f5 31. h3 Rd8 32. g4 fxg4 33. hxg4 Rf8 34. Rh1 Rf2 35. g5 Rg2 36. Rh4 e2 37. Rh1 Rxg5 38. Re1 Re5 39. Kc1 h5 40. Kd2 g5 41. Rg1 g4 42. a3 Kh6 43. a4 bxa4 44. bxa4 e1Q+ 45. Rxe1 Rxe1 46. Kxe1 Nxa4 0-1

[Event "Kiev Shystarev Memorial 1st"]
[Site "Kiev"]
[Date "2020.08.28"]
[Round "5"]
[White "Larkin, Vladislav"]
[Black "Kazakov, Maksym"]
[Result "1-0"]
[WhiteElo "2396"]
[BlackElo "2075"]
[PlyCount "105"]
[EventDate "2020.08.25"]
[EventType "swiss"]
[EventRounds "9"]
[EventCountry "UKR"]
[SourceTitle "EXT 2022"]
[Source "ChessBase"]
[SourceDate "2021.10.06"]
[SourceVersion "1"]
[SourceVersionDate "2021.10.06"]
[SourceQuality "1"]

1. e4 c5 2. Nf3 Nc6 3. Bb5 g6 4. Bxc6 dxc6 5. d3 Bg7 6. 0-0 Nf6 7. h3 0-0 8. Nc3 Ne8 9. Be3 b6 10. Qd2 e5 11. Nh2 Nc7 12. f4 exf4 13. Bxf4 Ne6 14. Bh6 Bxh6 15. Qxh6 Qg5 16. Qxg5 Nxg5 17. Rf6 Bd7 18. Raf1 Rae8 19. Rd6 Re7 20. h4 Ne6 21. Ng4 Kg7 22. Ne5 Rd8 23. Ne2 Be8 24. Nxc6 Rxd6 25. Nxe7 c4 26. Nd5 cxd3 27. cxd3 Nc5 28. Nef4 Bc6 29. b4 Ne6 30. Rc1 h6 31. Kf2 Nd8 32. Ne7 Bb5 33. Ke3 Ne6 34. Nxe6+ fxe6 35. d4 Kf7 36. Nc8 Rd7 37. e5 Ba6 38. Nd6+ Kg7 39. Rc6 Bf1 40. Kf2 Bd3 41. Rc8 Bb1 42. a3 Ba2 43. Ke3 Bd5 44. g3 Bb7 45. Rc1 Bd5 46. Nb5 a5 47. Rc7 Rxc7 48. Nxc7 axb4 49. Nxd5 exd5 50. axb4 Kf7 51. Kf4 Ke6 52. b5 Ke7 53. h5 1-0

[Event "Kiev Shystarev Memorial 1st"]
[Site "Kiev"]
[Date "2020.08.27"]
[Round "4"]
[White "Dolzhikova, Kateryna"]
[Black "Kazakov, Maksym"]
[Result "1-0"]
[WhiteElo "2153"]
[BlackElo "2075"]
[PlyCount "41"]
[EventDate "2020.08.25"]
[EventType "swiss"]
[EventRounds "9"]
[EventCountry "UKR"]
[SourceTitle "EXT 2022"]
[Source "ChessBase"]
[SourceDate "2021.10.06"]
[SourceVersion "1"]
[SourceVersionDate "2021.10.06"]
[SourceQuality "1"]

1. e4 d6 2. d4 Nf6 3. Nc3 e5 4. Nf3 Nbd7 5. g4 Nxg4 6. Rg1 exd4 7. Nxd4 Nde5 8. h3 Nf6 9. f4 Nc6 10. Be3 Nxd4 11. Qxd4 c5 12. Qd2 Bd7 13. e5 Nh5 14. 0-0-0 Qa5 15. exd6 0-0-0 16. Rg5 f5 17. Rxh5 Be6 18. Nb5 Qxa2 19. Qc3 c4 20. Rxf5 a6 21. Na7+ 1-0